Missing Word: Mila Kunis Quiz Stats

Quiz Updated Jan 2, 2018

Challenge
Share
Tweet
Embed
Score 0/18 Timer 03:00
0 Plays Today
Film Missing Word % Correct
_____ SwanBlack
94.6%
Friends with ________Benefits
93.9%
The ____ of EliBook
93.9%
Date _____Night
90.5%
__________ Sarah MarshallForgetting
87.7%
Oz the _____ and PowerfulGreat
83.3%
___ MomsBad
80.5%
Boot ____Camp
53.7%
Jupiter _________Ascending
52.1%
Film Missing Word % Correct
Get ____ ItOver
46.5%
Tony 'n' Tina's _______Wedding
39.1%
Max _____Payne
24.7%
Krippendorf's _____Tribe
22%
The ________ Man in BrooklynAngriest
8.7%
After ___Sex
7.8%
______ McAllisterMoving
5.4%
Third ______Person
4.8%
___ CoolTom
4.5%

Today's Daily Dose

Missing Word
Law Misconceptions

Word Ladder
Easy Math

On This Day
January 20th

You're not logged in!

Compare scores with friends on all Sporcle quizzes.
Sign Up with Email
OR
Log In

You Might Also Like...

Show Comments

Extras

Top Quizzes Today


Score Distribution

Your Account Isn't Verified!

In order to create a playlist on Sporcle, you need to verify the email address you used during registration. Go to your Sporcle Settings to finish the process.